| 000 | 00000nam##2200000za#4500 |
| 001 | 9.699612 |
| 003 | CaOODSP |
| 005 | 20210625000446 |
| 007 | cr ||||||||||| |
| 008 | 150407|2005||||xxc|||||o f|0| 0 eng|d |
| 040 | |aCaOODSP|beng |
| 043 | |an-cn--- |
| 086 | 1 |aH46-2/05-238E-PDF |
| 110 | 1 |aCanada.|bHealth Canada. |bConsumer Product Safety. |
| 245 | 10|aPlaygrounds - danger of strangulation |h[electronic resource] |
| 250 | |aRevised. |
| 260 | |aOttawa - Ontario : |bHealth Canada. |cMarch 2005. |
| 300 | |a1p.|billus. |
| 500 | |aThe catalogue number (H46-2/05-238) and ISBN (0-662-68789-2) for the bilingual print edition have been incorrectly copied in this electronic publication. |
| 590 | |a14-14-Supp|b2014-07-24 |
| 690 | 07|aChild safety|2gcpds |
| 690 | 07|aRecreation|2gcpds |
| 775 | 08|tTerrains de jeu - danger d'étranglement |w(CaOODSP)9.643591 |
| 856 | 40|ahttp://publications.gc.ca|qPDF|s152 KB|uhttps://publications.gc.ca/collections/collection_2014/sc-hc/H46-2-05-238-eng.pdf |